Fuzzy-logic control applications to the Belgian reactor 1 (BR1)

Bibliographic Details
Main Authors: Ruan, Da 1960- (Author), Li, Xiaozhong 1966- (Author)
Format: Article
Language:Slovak
English
PhysicalDescription:Fotogr., obr., tab.
ISSN:0232-0274
Subjects:

MARC

LEADER 00000nab a2200000 a 4500
001 vtls000674712
003 SK-MaSNL
005 20260304213521.0
008 250425c1998 xo 0 slo
015 |a SNBRB1998/09-25442 
035 |a CLN000026887 
035 |a urn:nbn:sk:snk-ab1q15 
035 |a (urnnbn)urn:nbn:sk:snk:ar-004xvk 
035 |a (uuid)afafe408-4d8e-4f45-a2ff-bb6c1f13e22b 
040 |a SNKBUCL  |b slo  |c SNKBUCL  |e AACR2 
041 0 |a eng 
044 |a xo  |c SK 
080 |a 621.039.56:681.5.01  |2 1997 
080 |a 681.5.01  |2 1997 
080 |a 519.711  |2 1997 
100 1 |a Ruan, Da  |d 1960-  |4 aut  |9 1546534 
245 1 0 |a Fuzzy-logic control applications to the Belgian reactor 1 (BR1)  |c Da Ruan, Xiaozhong Li 
300 |b Fotogr., obr., tab. 
504 |a Res. angl. 
504 |a Bibliogr. odkazy 
504 |a Biogr. údaje 
650 0 7 |a jadrové reaktory  |2 SNKPH  |9 69454 
650 0 7 |a fuzzy riadenie  |2 SNKPH  |9 74631 
650 0 7 |a logické riadenie  |2 SNKPH  |9 30283 
655 7 |a články z novín a časopisov  |2 SNK  |9 267496 
700 1 |a Li, Xiaozhong  |d 1966-  |4 aut  |9 1546535 
773 0 |t Computers and artificial intelligence  |g Roč. 17, č. 2-3 (1998), s. 127-150  |x 0232-0274 
850 |a Slovenská národná knižnica 
852 |a Slovenská národná knižnica 
958 |a article27 
958 |a NB 
958 |a OND 
958 |a EUIPO 
992 |a RBX 
999 |c 3136277  |d 3138207